| 000 | 00390nam a2200133 4500 | ||
|---|---|---|---|
| 999 |
_c9582 _d9582 |
||
| 003 | OSt | ||
| 005 | 20210705111804.0 | ||
| 008 | 210705b ||||| |||| 00| 0 eng d | ||
| 020 | _a9783037785249 | ||
| 082 |
_a620.0092 _bFUL |
||
| 100 | _a Fuller, R. Buckminster (Richard Buckminster), 1895-1983, | ||
| 245 | _a Your private sky : R. Buckminster Fuller, the art of design science | ||
| 942 | _2ddc | ||